000
00266nam a2200097 4500
100
_a
Alexander, D.L.
245
_a
Study Guide for Speaking Professionally Module 2 Lesson 8-10
260
_a
USA:
_b
Lingua Marketing International,
_c
1993.
300
_a
285p. ;
942
_c
BK
999
_c
7679
_d
7679